Zdokumentované prínosy Gabčíkova Július Binder hovorí pre HN o aktuálnych problémoch sústavy
Riaditeľ š.p. Vodohospodárska výstavba (VV) Ing. J. Binder o druhom lete na vodnej hladine v okolí Gabčíkova, o prínosoch v ekologickej a ekonomickej oblasti, o zneužívaní nepresných alebo nepravdivých údajov, dôraz na odborný prístup. Sústava vodných diel ako interdisciplinárna záležitosť, požiadav...
Saved in:
| Main Author: | |
|---|---|
| Other Authors: | |
| Format: | Book Chapter |
| Language: | Slovak |
| Subjects: | |
| Tags: |
No Tags, Be the first to tag this record!
|
MARC
| LEADER | 00000naa a2200000 4500 | ||
|---|---|---|---|
| 001 | r016363 | ||
| 005 | 20221213113710.0 | ||
| 041 | 0 | |a slo | |
| 044 | |a SK | ||
| 245 | 1 | 0 | |a Zdokumentované prínosy Gabčíkova |b Július Binder hovorí pre HN o aktuálnych problémoch sústavy |c J. Binder, Emília Herzogová |
| 520 | |a Riaditeľ š.p. Vodohospodárska výstavba (VV) Ing. J. Binder o druhom lete na vodnej hladine v okolí Gabčíkova, o prínosoch v ekologickej a ekonomickej oblasti, o zneužívaní nepresných alebo nepravdivých údajov, dôraz na odborný prístup. Sústava vodných diel ako interdisciplinárna záležitosť, požiadavka odpolitizovať Gabčíkovo. Pohľadávky VV voči Slovenským energetickým podnikom, splavnenie Váhu a Moravy, plavby po vodnom diele ako turistická atrakcia. | ||
| 610 | 2 | 0 | |a Slovensko |
| 610 | 2 | 0 | |a Maďarsko |
| 610 | 2 | 0 | |a Vodohospodárska výstavba, š.p. Bratislava |
| 610 | 2 | 0 | |a Gabčíkovo |
| 610 | 2 | 0 | |a diela vodné |
| 610 | 2 | 0 | |a prostredie životné |
| 610 | 2 | 0 | |a ekológia |
| 610 | 2 | 0 | |a energia vodná |
| 610 | 2 | 0 | |a turistika |
| 100 | 1 | |a Binder, J. | |
| 700 | 1 | |a Herzogová, Emília | |